|
|
|
|
| LEADER |
00000naa2a2200000 4500 |
| 001 |
160659 |
| 005 |
20231031155629.0 |
| 035 |
|
|
|a (RuTPU)RU\TPU\book\174234
|
| 090 |
|
|
|a 160659
|
| 100 |
|
|
|a 20090526d2008 k y0rusy50 ca
|
| 101 |
0 |
|
|a rus
|
| 102 |
|
|
|a RU
|
| 200 |
1 |
|
|a Компаративный анализ измерителей организации труда на промышленных предприятиях Китая и России
|f М. В. Мелик-Гайказян, Да Гула
|
| 461 |
|
1 |
|0 (RuTPU)RU\TPU\book\166087
|t Энергия молодых - экономике России
|o труды IX Международной научно-практической конференции студентов и молодых ученых, г. Томск, 19-22 мая 2008 г.
|f Томский политехнический университет (ТПУ) ; Вольное экономическое общество России ; Международный союз экономистов (МСЭ)
|d 2008
|
| 463 |
|
0 |
|0 (RuTPU)RU\TPU\book\164805
|t Ч. 3
|v С. 135-138
|d 2008
|
| 610 |
1 |
|
|a труд
|
| 610 |
1 |
|
|a организация труда
|
| 610 |
1 |
|
|a рабочее время
|
| 610 |
1 |
|
|a ночные смены
|
| 610 |
1 |
|
|a режим работы
|
| 610 |
1 |
|
|a труды учёных ТПУ
|
| 700 |
|
1 |
|a Мелик-Гайказян
|b М. В.
|c доцент кафедры менеджмента Томского политехнического университета
|f 1960-
|g Мария Вигеновна
|2 stltpush
|3 (RuTPU)RU\TPU\pers\24191
|
| 701 |
|
0 |
|a Да Гула
|
| 801 |
|
1 |
|a RU
|b 63413507
|c 20090526
|g PSBO
|
| 801 |
|
2 |
|a RU
|b 63413507
|c 20161124
|g PSBO
|
| 942 |
|
|
|c BK
|